00697cam a2200205 a 450000100100000000500170001000800410002704000250006808200190009310000350011224500550014726000350020230000210023749000150025865000280027365000320030183000210033395201220035499900150047600000860220200929161354.0761023s1975 ve 000 1 spa  aDO-SdBNPbspacBNPHU aV863.44bL719t1 aLiendo, Eduardo.d1941-92303014aLos topos :bnovela, testimonio /cEduardo Liendo. aCaracas :bMonte Avila,c1975. a185 p. ;c18 cm.1 aContinente 4aNovela venezolana93962 4aLiteratura venezolana93816 0aContinente95070 001052708MOaGRbGRcCTd2009-09-17iLF1l0oV863.44 L719tp8602-10r2020-06-25w2020-06-25y2ZPréstamo interno c8372d8372